| 000 | 00443nam a2200169Ia 4500 | ||
|---|---|---|---|
| 005 | 20251020182613.0 | ||
| 008 | 200515s9999 xx 000 0 und d | ||
| 082 | _aSC/69.032.711/P66 | ||
| 100 | _aPLASENCIA DIAZ, Pedro | ||
| 245 | 0 | _aManual de los contratos administrativos : Doctrina - Legislación - Modelos | |
| 260 | _aLima | ||
| 260 | _c1992 | ||
| 300 | _a170 | ||
| 650 | _aCONTRATOS | ||
| 650 | _aLEGISLACION LABORAL | ||
| 942 | _cLIB | ||
| 999 |
_c3400 _d3400 |
||